000 00578cab a2200205 4500
001 WB2722-09
008 090401t1991 xxu||||| |||| 00| 0 eng d
035 _a(Sirsi) u1735
041 _aeng
245 _a1994 is the year
260 _c1991
350 _a0
490 _aChartered Surveyor Weekly
_v(35)10 6 June 1991, 8(1)
520 _aThe next bull market in property will be 1994-1995 according to speakers at an IBC Property Conference .
650 _aFORECAST
650 _aRECESSION
690 _aPROPERTY-COMMERCIAL PROPERTY
942 _n0
948 _c04/03/1997
999 _c995
_d995